000 007340000a22003010004500
082 _a370.78
_bB465r
538 _aT
518 _a2008-08-28
530 _aM
100 _aBest, John W.
100 _aKahn, James V.
245 _aResearch in education
250 _a9th ed.
020 _a978-81-203-2833-4
260 _aNew Delhi
_bPrentice-Hall of India, India
260 _c2007
300 _axiv, 498p.
_billus.
041 _aEng
500 _aBibliography at the end of each chapter
650 _aEducation
650 _aEducational research
650 _aHypothesis
650 _aExperimental research
650 _aResearch methods
650 _aData analysis
005 20120907085450.0
942 _cGEN
999 _c45700
_d45700